| 000 | 00539ata a2200193 4500 | ||
|---|---|---|---|
| 005 | 20170124084451.0 | ||
| 008 | 150612b xxu||||| |||| 00| 0 spa d | ||
| 041 | _aspa | ||
| 082 | _a004.678 J61b | ||
| 100 |
_aJiménez, Luis Alonso _936882 |
||
| 245 | _aBuscador inteligente: guía práctica para gestionar información vital en sus proyectos de innovación | ||
| 260 | _aCosta Rica | ||
| 260 | _bEUCR | ||
| 300 | _a44 páginas | ||
| 650 |
_aBUSCADORES _98815 |
||
| 650 |
_aINTERNET _936883 |
||
| 650 |
_aGOOGLE _91586 |
||
| 942 | _cBK | ||
| 999 |
_c6283 _d6283 |
||